000 00712nam a22002177a 4500
005 20180914171123.0
006 a|||||f|||| 00| 0
007 tc
008 180720b xxu||||| |||| 00| 0 eng d
010 _aBR-000912-BR-000913
020 _c133.00
035 _a BR-000912
037 _bA.I.C.B.
082 _a808.84
245 _aGhashiram kotwal
_b: Essays and Annotation
260 _aDelhi
_bA.C.I.B.
_cN.D.
270 _aSector-5, Rohini,
_bNew Delhi
_e110085
300 _avarious pages.
_c30cm(HB).
942 _2ddc
_cBRLEN
_h808.84
_mGHA
999 _c156313
_d156313